Szczegóły MARC21

Abkürzungen der Datenverarbeitung : Abkürzungen, Vollständige Ausdrücke, Erläuterungen /

005 -DATA I CZAS OSTATNIEJ MODYFIKACJI [,]
    • @
    • pole kontrolne
    • 20070315155141.9
020 -Międzynarod. znormalizowany nr książki - ISBN [ , ]
    • a
    • Numer ISBN
    • 3800941953 Find
040 -Instytucja sporządzająca opis [ , ]
    • a
    • Instytucja, która sporządziła opis (NP)
    • SZCZ U
    • c
    • Instytucja, która sporządziła rekord (NP)
    • SZCZ U
041 -Język dokumentu [0, ]
    • a
    • Język tekstu (P)
    • niemiecki
    • h
    • Język tekstu oryginalnego i/lub pośredniego (P)
    • niemiecki
942 -Rodzaj dokumentu [ , ]
    • c
    • Rodzaj dokumentu
    • Książka
100 -Hasło główne - nazwa osobowa [ , ]
    • a
    • Nazwa osobowa (NP)
    • GORNY, RODERICH
245 -Strefa tytułu i oznaczenia odpowiedzialności [1, ]
    • a
    • Tytuł
    • Abkürzungen der Datenverarbeitung : Find
    • b
    • Ciąg dalszy tytułu (NP)
    • Abkürzungen, Vollständige Ausdrücke, Erläuterungen / Find
    • c
    • Pozostałe elementy strefy tytułu i oznaczenia odpowiedzialności (NP)
    • von Rodeich Gorny ; Siemens Nixdorf Informationssysteme.
250 -Strefa wydania [ , ]
    • a
    • Oznaczenie wydania (NP)
    • 2.,erw.Aufl.
260 -Strefa adresu wydawniczego [ , ]
    • a
    • Miejsce wydania (P)
    • München :
    • b
    • Nazwa wydawcy (P)
    • Siemens Aktienges.,
    • c
    • Data wydania (P)
    • 1994.
300 -Strefa opisu fizycznego [ , ]
    • a
    • Określenie formy książki i/lub objętość (NP)
    • 240 s. :
    • c
    • Format (NP)
    • 18 cm.
080 -Uniwersalna Klasyfikacja Dziesiętna [ , ]
    • a
    • Symbol klasyfikacji
    • 004.6=30
980 -Symbol UKD [ , ]
    • a
    • UKD
    • 004.6=30
920 -ISBN [ , ]
    • a
    • ISBN
    • 3-8009-4195-3 Find
Data inwentaryzacji Lokalizacja Status udost. Sygnatura Numer inwentarzowy
2000-12-11BE-2FUNDACJA POLSKO-NIEMIECKAS.87340